| Tag |
First Indicator |
Second Indicator |
Subfields |
| LEADER |
00000cam a2200000 a 4500 |
| 001 |
in00005747021 |
| 005 |
20260326184819.5 |
| 006 |
m o d |
| 007 |
cr bn||||||ada |
| 008 |
101117s1990 caua ob 001 0 eng d |
| 010 |
|
|
|z 89017884
|
| 040 |
|
|
|a OCLCE
|b eng
|e pn
|c OCLCE
|d OCLCQ
|d OPELS
|d OCLCQ
|d E7B
|d OCLCF
|d UIU
|d N$T
|d IDEBK
|d YDXCP
|d OCLCQ
|d OCLCA
|d OCLCQ
|d SOI
|d NLE
|d UKMGB
|d LEAUB
|d OCLCQ
|d VLY
|d LUN
|d OCLCQ
|d NLW
|d OCLCO
|d OCLCQ
|d OCLCO
|d COA
|d OCLCL
|d OCLCQ
|
| 015 |
|
|
|a GBB6H2387
|2 bnb
|
| 016 |
7 |
|
|a 017549382
|2 Uk
|
| 019 |
|
|
|a 645907414
|a 842886183
|a 842932743
|a 1052117662
|a 1162240394
|a 1275064106
|a 1340097802
|a 1409098857
|
| 020 |
|
|
|a 9780080926575
|q (electronic bk.)
|
| 020 |
|
|
|a 0080926576
|q (electronic bk.)
|
| 020 |
|
|
|a 1299535798
|q (ebk)
|
| 020 |
|
|
|a 9781299535794
|q (ebk)
|
| 020 |
|
|
|z 0127467254
|
| 020 |
|
|
|z 9780127467252
|q (alk. paper)
|
| 024 |
8 |
|
|a (WaSeSS)ssj0000785445
|
| 035 |
|
|
|a (OCoLC)682084862
|z (OCoLC)645907414
|z (OCoLC)842886183
|z (OCoLC)842932743
|z (OCoLC)1052117662
|z (OCoLC)1162240394
|z (OCoLC)1275064106
|z (OCoLC)1340097802
|z (OCoLC)1409098857
|
| 037 |
|
|
|a 484829
|b MIL
|
| 042 |
|
|
|a dlr
|
| 050 |
|
4 |
|a QL60.4
|b .W45 1990
|
| 070 |
|
|
|a QL60.4.W45
|
| 072 |
|
0 |
|a P000
|
| 072 |
|
7 |
|a NAT
|x 019000
|2 bisacsh
|
| 072 |
|
7 |
|a SCI
|x 070030
|2 bisacsh
|
| 082 |
0 |
4 |
|a 599/.0028
|2 20
|
| 084 |
|
|
|a 42.03
|2 bcl
|
| 084 |
|
|
|a 43.31
|2 bcl
|
| 084 |
|
|
|a 23
|2 ssgn
|
| 084 |
|
|
|a FE 07
|2 blsrissc
|
| 049 |
|
|
|a TXAM
|
| 100 |
1 |
|
|a White, Gary C.
|
| 245 |
1 |
0 |
|a Analysis of wildlife radio-tracking data /
|c Gary C. White, Robert A. Garrott.
|
| 260 |
|
|
|a San Diego :
|b Academic Press,
|c ©1990.
|
| 300 |
|
|
|a 1 online resource (xiii, 383 pages) :
|b illustrations
|
| 336 |
|
|
|a text
|b txt
|2 rdacontent
|
| 337 |
|
|
|a computer
|b c
|2 rdamedia
|
| 338 |
|
|
|a online resource
|b cr
|2 rdacarrier
|
| 347 |
|
|
|a text file
|2 rdaft
|0 http://rdaregistry.info/termList/fileType/1002.
|
| 504 |
|
|
|a Includes bibliographical references.
|
| 520 |
|
|
|a "With the substantial advances in the miniaturization of electronic components, wildlife biologists now routinely monitor the movements of free-ranging animals with radio-tracking devices. This book explicates the many analytical techniques and computer programs available to extract biological information from the radio tracking data. The volume features the following: Presentation of software programs for solving specific problems ; Design of radio-tracking studies ; Mechanics of data collection ; Estimation of position by triangulation ; Graphic presentation of animal migration, dispersal, fidelity, and association ; Home range estimation, habitat utilization, and estimation of survival rates and population size."--Page 4 of cover
|
| 505 |
0 |
|
|a Preliminaries -- Design of radio-tracking studies -- Effects of tagging on the animal -- Estimating animal locations -- Designing and testing triangulation systems -- Simple movements -- Home range estimation -- Habitat analysis -- Survival rate estimation -- Population estimation -- Data analysis system.
|
| 538 |
|
|
|a Master and use copy. Digital master created according to Benchmark for Faithful Digital Reproductions of Monographs and Serials, Version 1. Digital Library Federation, December 2002.
|u http://purl.oclc.org/DLF/benchrepro0212
|5 MiAaHDL
|
| 583 |
1 |
|
|a digitized
|c 2010
|h HathiTrust Digital Library
|l committed to preserve
|2 pda
|5 MiAaHDL
|
| 588 |
0 |
|
|a Print version record.
|
| 546 |
|
|
|a English.
|
| 540 |
|
|
|a Restricted: Printing from this resource is governed by The Legal Deposit Libraries (Non-Print Works) Regulations (UK) and UK copyright law currently in force.
|5 WlAbNL
|
| 650 |
|
0 |
|a Animal radio tracking.
|
| 650 |
|
3 |
|a Wildlife management.
|
| 650 |
|
3 |
|a Monitoring.
|
| 650 |
|
6 |
|a Radiopistage.
|
| 650 |
|
7 |
|a NATURE
|x Animals
|x Mammals.
|2 bisacsh
|
| 650 |
|
7 |
|a SCIENCE
|x Life Sciences
|x Zoology
|x Mammals.
|2 bisacsh
|
| 650 |
|
7 |
|a Animal radio tracking
|2 fast
|
| 650 |
|
7 |
|a Animal radio tracking.
|2 nli
|
| 653 |
0 |
|
|a Animals
|a Distribution
|a Monitoring
|
| 655 |
|
7 |
|a Electronic books.
|2 local
|
| 700 |
1 |
|
|a Garrott, Robert A.
|
| 710 |
2 |
|
|a ScienceDirect (Online service)
|
| 758 |
|
|
|i has work:
|a Analysis of wildlife radio-tracking data (Text)
|1 https://id.oclc.org/worldcat/entity/E39PCG3Tbg3YcMrwRRxRvmtmQy
|4 https://id.oclc.org/worldcat/ontology/hasWork
|
| 776 |
0 |
8 |
|i Print version:
|a White, Gary C.
|t Analysis of wildlife radio-tracking data.
|d San Diego : Academic Press, ©1990
|w (DLC) 89017884
|w (OCoLC)20320266
|
| 856 |
4 |
0 |
|u http://proxy.library.tamu.edu/login?url=https://www.sciencedirect.com/science/book/9780127467252
|z Connect to the full text of this electronic book
|t 0
|
| 955 |
|
|
|a Elsevier ScienceDirect 2026-2027
|
| 994 |
|
|
|a 92
|b TXA
|
| 999 |
f |
f |
|i 9c02cd39-8c83-4669-b862-8be3f4433300
|s d688cde4-9fa2-4fd9-b677-3c2f854f25d2
|t 0
|
| 952 |
f |
f |
|a Texas A&M University
|b College Station
|c Electronic Resources
|s www_evans
|d Available Online
|t 0
|e QL60.4 .W45 1990
|h Library of Congress classification
|
| 998 |
f |
f |
|a QL60.4 .W45 1990
|t 0
|l Available Online
|